000 00410nam a22001697a 4500
003 koha_MIRAKIL
005 20231213095454.0
008 231213b |||||||| |||| 00| 0 ||| d
040 _aTR-IsEVY
_btur
_cTR-IsEVY
082 _a813.42 ALİ/M
100 _aALİ , SABAHATTİN.
245 0 _aMAHKEMELERDE.
260 _bYapı Kredi,
_c2013
300 _a153.
650 _aTürk Edebiyatı.
942 _2ddc
_cBK
999 _c4203
_d4203